Một số ứng dụng của đa thức đối xứng
Một số khái niệm và tính chất cơ bản về đa thức đối xứng. Đa thức đối xứng, hệ phương trình, phương trình và một số vấn đề khác. Ứng dụng đa thức đối xứng trong chức minh các hệ thức
সংরক্ষণ করুন:
| প্রধান লেখক: | |
|---|---|
| অন্যান্য লেখক: | |
| বিন্যাস: | গ্রন্থ |
| ভাষা: | Vietnamese |
| প্রকাশিত: |
Đà Nẵng
Trường Đại học sư phạm Đà Nẵng
2017
|
| বিষয়গুলি: | |
| ট্যাগগুলো: |
ট্যাগ যুক্ত করুন
কোনো ট্যাগ নেই, প্রথমজন হিসাবে ট্যাগ করুন!
|
| Thư viện lưu trữ: | Mạng thư viện Đại học Đà Nẵng |
|---|
| LEADER | 01671nam a2200337 4500 | ||
|---|---|---|---|
| 001 | 000024951 | ||
| 003 | 21442 | ||
| 005 | 20170419090458.0 | ||
| 008 | 170331s2017 viesd | ||
| 041 | |a vie | ||
| 082 | 1 | 4 | |a 512.9422 |b HÔ-D |
| 100 | 1 | |a Hồ Thị Kiều Diễm | |
| 245 | 1 | 7 | |a Một số ứng dụng của đa thức đối xứng |c Hồ Thị Kiều Diễm ; Trương Công Quỳnh hướng dẫn. |k Luận văn Thạc sĩ |
| 260 | |a Đà Nẵng |b Trường Đại học sư phạm Đà Nẵng |c 2017 | ||
| 300 | |a 75 tr., phụ lục 5 tr. |c 29 cm. |e Tóm tắt | ||
| 500 | |a Luận văn thạc sĩ Khoa học. Chuyên ngành: Phương pháp toán sơ cấp. Mã số: 60.46.01.13 | ||
| 520 | 3 | |a Một số khái niệm và tính chất cơ bản về đa thức đối xứng. Đa thức đối xứng, hệ phương trình, phương trình và một số vấn đề khác. Ứng dụng đa thức đối xứng trong chức minh các hệ thức | |
| 650 | 0 | 4 | |a Đa thức đối xứng |v Luận văn tốt nghiệp |x Ứng dụng |
| 653 | |a Đa thức đối xứng | ||
| 653 | |a Phương pháp toán sơ cấp | ||
| 700 | 1 | |a Trương Công Quỳnh |c TS. |e Hướng dẫn | |
| OWN | |a LSP | ||
| AVA | |a UDN50 |b LSP |d 512.9422 HÔ-D |e available |t Error 5001 Not defined in file expand_doc_bib_avail. |f 1 |g 0 |h N |i 0 |k 1 | ||
| 999 | |a From the UDN01 | ||
| AVA | |a UDN50 |b LSP |d 512.9422 HÔ-D |e available |t Error 5001 Not defined in file expand_doc_bib_avail. |f 1 |g 0 |h N |i 0 |k 1 | ||
| TYP | |a Monograph | ||
| TYP | |a Printed language | ||
| 980 | |a Mạng thư viện Đại học Đà Nẵng | ||